Ochrona srodowiska po reformie administracji publicznej wykaz zadan i kompetencji organów administracji publicznej
Salvato in:
| Natura: | Libro |
|---|---|
| Lingua: | polacco |
| Pubblicazione: |
Warszawa
PROEKO
1999
|
| Soggetti: | |
| Tags: |
Nessun Tag, puoi essere il primo ad aggiungerne!!
|
MARC
| LEADER | 00000nam a2200000 4500 | ||
|---|---|---|---|
| 001 | c117719 | ||
| 005 | 20221221083118.0 | ||
| 020 | |a 83-911277-0-2 | ||
| 041 | 0 | |a pol | |
| 044 | |a PL | ||
| 245 | 1 | 0 | |a Ochrona srodowiska po reformie administracji publicznej |b wykaz zadan i kompetencji organów administracji publicznej |
| 264 | 1 | |a Warszawa |b PROEKO |c 1999 | |
| 300 | |a 252 s. | ||
| 610 | 2 | 0 | |a správa verejná |
| 610 | 2 | 0 | |a reformy |
| 610 | 2 | 0 | |a ochrana prostredia životného |
| 610 | 2 | 0 | |a poradenstvo |
| 610 | 2 | 0 | |a predpisy právne |
| 610 | 2 | 0 | |a právo |
| 610 | 2 | 0 | |a investície |
| 610 | 2 | 0 | |a rozhodovanie |
| 610 | 2 | 0 | |a budovy |
| 610 | 2 | 0 | |a projekty investičné |
| 610 | 2 | 0 | |a normy |
| 610 | 2 | 0 | |a emisie |
| 610 | 2 | 0 | |a imisie |
| 610 | 2 | 0 | |a voda |
| 610 | 2 | 0 | |a odpad |
| 610 | 2 | 0 | |a vzduch |
| 610 | 2 | 0 | |a poplatky |
| 610 | 2 | 0 | |a geológia |
| 610 | 2 | 0 | |a baníctvo |
| 610 | 2 | 0 | |a Poľsko |